Великое Нечто: Фантастический роман

Detalles Bibliográficos
Autor Principal: Емец Д. А. Дмитрий Александрович
Summary:Исключено из фонда НТБ ТПУ
Idioma:ruso
Publicado: Москва, Армада, 2003
Subjects:
Formato: MixedMaterials Libro
KOHA link:https://koha.lib.tpu.ru/cgi-bin/koha/opac-detail.pl?biblionumber=52485

MARC

LEADER 00000nam0a2200000 4500
001 52485
005 20260406121009.0
010 |a 5935562146 
035 |a (RuTPU)RU\TPU\book\55004 
090 |a 52485 
100 |a 20030602d2003 m y0rusy50 ca 
101 0 |a rus 
102 |a RU 
105 |a y z 000ay 
200 1 |a Великое Нечто  |e Фантастический роман  |f Д. А. Емец 
210 |a Москва  |c Армада  |d 2003 
215 |a 442 с. 
333 |a Исключено из фонда НТБ ТПУ 
610 1 |a романы 
610 1 |a фантастика 
610 1 |a русская литература 
675 |a Р2  |v 3 
700 1 |a Емец  |b Д. А.  |g Дмитрий Александрович 
801 1 |a RU  |b 63413507  |c 20030602  |g PSBO 
801 2 |a RU  |b 63413507  |c 20081113  |g PSBO 
942 |c BK